Political Parties of India - Statistics

General Stats
  • This quiz has been taken 27 times
  • The average score is 19 of 52
Answer Stats
Hint Answer % Correct
L: 240/543R: 93/245 Bharatiya Janata Party (BJP)
100%
L: 99/543R: 27/245 Indian National Congress (INC)
100%
L: 7/543R: 1/245 Shiv Sena- Shinde Faction (SHS)
82%
L: 3/543R: 10/245 Aam Aadmi Party (AAP)
77%
L: 16/543R: 2/245 Telugu Desam Party (TDP)
73%
L: 2/543R: 2/245 Communist Party of India (CPI)
68%
L: 22/543R: 10/245 Dravida Munnetra Kazhagam (DMK)
68%
L: 37/543R: 4/245 Samajwadi (Socialist) Party (SP)
68%
L: 0/543R: 1/245 All India Anna Dravida Munnetra Kazhagam (AIADMK)
64%
L: 0/543R: 1/245 Bahujan Samaj Party (BSP)
64%
L:28/543R: 13/245 All Indian Trinamool Congress (AITC)
59%
L: 12/543R: 4/245 Janata Dal- United (JD-U)
59%
L: 1/543R: 3/245 Nationalist Congress Party- Ajit Faction (NCP-SP)
59%
L: 4/543R: 5/245 Rashtriya Janata Dal (RJD)
59%
L: 4/543R: 4/245 Communist Party of India- Marxist (CPI-M)
55%
L: 5/543R: 0/543 Lok Janshakti Party- Ram Vilas (LJP-RV)
45%
L: 0/543R: 1/245 Tamil Maanila Congress- Moopanar (TMC-M)
45%
L: 4/543R: 7/245 YSR Congress Party (YSRCP)
45%
L: 1/543R: 0/245 All India Majlis-e-Ittehadul Muslimeen (AIMIM)
41%
L: 0/543R: 1/245 Bharat Rashtra Samithi (BRS)
41%
L: 0/543R: 1/245 Biju Janata Dal (BJD)
41%
L: 2/543R: 1/245 Janata Dal- Secular (JD-S)
41%
L: 9/543R: 2/245 Shiv Sena- Thackeray Faction (SS-UBT)
41%
L: 2/543R: 0/245 Jammu and Kashmir National Conference (JKNC)
36%
L: 8/543R: 2/245 Nationalist Congress Party- Sharadchandra Faction (NCP-SP)
36%
L: 3/543R: 2/245 Indian Union Muslim League (IUML)
32%
L: 3/543R: 3/245 Jharkhand Mukti Morcha (JMM)
32%
L: 1/543R: 1/245 Marumalarchi Dravida Munnetra Kazhagam (MDMK)
32%
L: 1/543R: 1/245 Kerala Congress (KC)
27%
L: 0/543R: 1/245 National People's Party (NPP)
27%
L: 1/543R: 0/245 Revolutionary Socialist Party (RSP)
27%
L: 1/543R: 1/245 Asom Gana Party (AGP)
23%
L: 1/543R: 0/245 Communist Party of India- Marxist Leninist- Liberation (CPI-ML-L)
23%
L: 2/543R: 0/245 Viduthalai Chiruthaigal Katchi (VCK)
23%
L: 1/543R: 0/245 Apna Dal- Soneylal (AD-S)
18%
L: 1/543R: 0/245 Shiromani Akali Dal (SAD)
18%
L: 0/543R: 1/245 Mizo National Front (MNF)
14%
L: 2/543R: 1/245 Rashtriya Lok Dal (RLD)
14%
L: 1/543R: 0/245 Sikkim Krantikari Morcha (SKM)
14%
L: 1/543R: 0/245 Voice of the People Party (VPP)
14%
L: 1/543R: 0/245 Zoram People's Movement (ZPM)
14%
L: 0/543R: 1/245 Pattali Makkal Katchi (PMK)
9%
L: 1/543R: 0/245 Rashtriya Loktantrik Party (RLP)
9%
L: 0/543R: 1/245 Republican Party of India- Athawale (RPI-A)
9%
L: 2/543R: 0/245 Akali Dal- Waris Punjab De (AD-WPD)
5%
L: 1/543R:0/245 All Jharkhand Students' Union (AJSU)
5%
L: 0/543R: 1/245 Anchalik Gana Morcha (AGM)
5%
L: 1/543R: 0/245 Bharat Adivasi Party (BAP)
5%
L: 1/543R: 0/245 Hindustan Awami Morcha- Secular (HAM-S)
5%
L: 0/543R: 1/245 Rashtriya Lok Morcha (RLM)
5%
L: 1/543R: 1/245 United People's Party Liberal (UPPL)
5%
L: 1/543R: 0/245 Azad Samaj Party- Kanshi Ram (ASP-KR)
0%
No matching quizzes found
Score Distribution
Percent of People with Each Score
Percentile by Number Answered
Your Score History
You have not taken this quiz